[Event "Thessaloniki Triandria op 5th"]
[Site "Thessaloniki"]
[Date "2012.04.18"]
[Round "2"]
[White "Evgenidis, Nikolaos"]
[Black "Theoharidis, Georgios"]
[Result "1-0"]
[WhiteElo "1567"]
[BlackElo "1847"]
[PlyCount "81"]
[EventDate "2012.04.17"]
[EventType "swiss"]
[EventRounds "7"]
[EventCountry "GRE"]
[SourceTitle "EXT 2014"]
[Source "ChessBase"]
[SourceDate "2013.11.20"]
[SourceVersion "1"]
[SourceVersionDate "2013.11.20"]
[SourceQuality "1"]

1. d4 e6 2. c4 b6 3. Nc3 Bb4 4. Qc2 Bb7 5. a3 Bxc3+ 6. Qxc3 f5 7. e3 Nf6 8. f3 0-0 9. Bd3 d6 10. Ne2 Nbd7 11. 0-0 a5 12. Nf4 Qe8 13. d5 exd5 14. cxd5 Nc5 15. Bc4 Qe7 16. b4 axb4 17. axb4 Rxa1 18. Qxa1 Ra8 19. Qb1 Ncd7 20. Qxf5 Ne5 21. Bb3 Bc8 22. Qc2 g5 23. Ne2 Ba6 24. Rd1 Kg7 25. Nd4 Kh8 26. Ne6 Ra7 27. Nxg5 Bc8 28. Ne6 Bxe6 29. dxe6 Qg7 30. Qf2 Ra8 31. f4 Ne4 32. Qf1 Rf8 33. Rd4 Nc3 34. Kh1 Ng4 35. Bd2 Nb5 36. Qxb5 Nf2+ 37. Kg1 Nh3+ 38. Kf1 c5 39. bxc5 bxc5 40. Ra4 Qb2 41. Qd3 1-0

[Event "Thessaloniki Triandrias 4th"]
[Site "Thessaloniki"]
[Date "2011.04.30"]
[Round "6"]
[White "Theoharidis, Georgios"]
[Black "Ketzetzis, Georgios"]
[Result "0-1"]
[WhiteElo "1855"]
[BlackElo "2185"]
[PlyCount "38"]
[EventDate "2011.04.26"]
[EventType "swiss"]
[EventRounds "7"]
[EventCountry "GRE"]
[SourceTitle "EXT 2024"]
[Source "ChessBase"]
[SourceDate "2023.10.10"]
[SourceVersion "1"]
[SourceVersionDate "2023.10.10"]
[SourceQuality "1"]

1. e4 c6 2. d4 d5 3. Nc3 dxe4 4. Nxe4 Nf6 5. Nxf6+ gxf6 6. Bf4 Qb6 7. b3 e5 8. dxe5 fxe5 9. Qe2 Bb4+ 10. Bd2 Be6 11. 0-0-0 Nd7 12. Nf3 0-0-0 13. Ng5 Nc5 14. Nxe6 fxe6 15. Bxb4 Qxb4 16. Qe1 Rxd1+ 17. Qxd1 Rd8 18. Qf3 Qa3+ 19. Kb1 Ne4 0-1

[Event "Thessaloniki op"]
[Site "Thessaloniki"]
[Date "2010.04.06"]
[Round "2"]
[White "Theoharidis, Georgios"]
[Black "Poley, Vladimir"]
[Result "0-1"]
[WhiteElo "1820"]
[BlackElo "2328"]
[PlyCount "98"]
[EventDate "2010.04.04"]
[EventType "swiss"]
[EventRounds "9"]
[EventCountry "GRE"]
[SourceTitle "CBM 135 Extra"]
[Source "ChessBase"]
[SourceDate "2010.05.04"]
[SourceVersion "1"]
[SourceVersionDate "2010.05.04"]
[SourceQuality "1"]

1. d4 g6 2. Nf3 Bg7 3. c3 c6 4. Bg5 d5 5. Nbd2 Na6 6. e4 Nc7 7. Bd3 f6 8. Bf4 Nh6 9. 0-0 0-0 10. Qb3 e6 11. Rfe1 Nf7 12. Qb4 e5 13. Bg3 dxe4 14. Nxe4 Nd5 15. Qb3 f5 16. Nc5 e4 17. Bxe4 fxe4 18. Nxe4 Qb6 19. Qa3 Bg4 20. Nfd2 Qd8 21. Nc4 b6 22. f3 Bf5 23. Re2 Bh6 24. Be5 Nxe5 25. Nxe5 Nf4 26. Ree1 Bxe4 27. Rxe4 Qg5 28. Ng4 Bg7 29. Qe7 Qxe7 30. Rxe7 Rfe8 31. Rae1 Kf8 32. R7e4 Nd3 33. R1e2 c5 34. Ne5 Nxe5 35. dxe5 Rad8 36. f4 Rd1+ 37. Kf2 Red8 38. g4 Ke7 39. f5 Bh6 40. h4 gxf5 41. gxf5 Rf8 42. f6+ Ke6 43. Kf3 Rf1+ 44. Rf2 Rxf2+ 45. Kxf2 Rd8 46. Ra4 a5 47. b4 cxb4 48. cxb4 Rd4 49. Ra3 Rxb4 0-1

[Event "Chalkidiki op-A 2nd"]
[Site "Kallithea"]
[Date "2006.04.29"]
[Round "6"]
[White "Romanos, Theodoros"]
[Black "Theoharidis, Georgios"]
[Result "1-0"]
[WhiteElo "2006"]
[BlackElo "1539"]
[PlyCount "107"]
[EventDate "2006.04.25"]
[EventType "swiss"]
[EventRounds "9"]
[EventCountry "GRE"]
[SourceTitle "CBM 112 Extra"]
[Source "ChessBase"]
[SourceDate "2006.07.14"]
[SourceVersion "1"]
[SourceVersionDate "2006.07.14"]
[SourceQuality "1"]

1. f4 d5 2. e3 Nf6 3. Nf3 c5 4. b3 Nc6 5. Bb2 g6 6. Bb5 Bd7 7. 0-0 Bg7 8. d3 a6 9. Bxc6 Bxc6 10. Nbd2 0-0 11. Ne5 Bd7 12. Qe1 Ng4 13. Ndf3 Nxe5 14. Nxe5 f6 15. Nxd7 Qxd7 16. e4 e6 17. f5 exf5 18. exf5 Rae8 19. Qf2 Bh6 20. Bc1 Bxc1 21. Raxc1 d4 22. fxg6 hxg6 23. Rce1 Rxe1 24. Rxe1 Kf7 25. Qh4 Kg7 26. Qe4 Kf7 27. Rf1 Kg7 28. Qh4 Qc7 29. Rf3 g5 30. Qe4 Qf7 31. Qf5 Qe7 32. h3 Qe1+ 33. Kh2 Qe7 34. Qd5 Qc7+ 35. Kg1 Qe7 36. a4 Qe1+ 37. Kh2 Qe7 38. Rf5 Rc8 39. b4 cxb4 40. Qxd4 Rxc2 41. Rxg5+ Kf8 42. Rd5 Qc7+ 43. Rd6 Ke7 44. Qxf6+ Ke8 45. Qe5+ Kf7 46. Rf6+ Kg8 47. Rg6+ Kf8 48. Rf6+ Kg8 49. Qxc7 Rxc7 50. Rb6 a5 51. Rb5 b6 52. Rxb6 Rc5 53. Kg1 Rf5 54. Rb7 1-0

[Event "Chalkidiki op-A 2nd"]
[Site "Kallithea"]
[Date "2006.04.25"]
[Round "1"]
[White "Theoharidis, Georgios"]
[Black "Shavtvaladze, Nikoloz"]
[Result "0-1"]
[WhiteElo "1539"]
[BlackElo "2368"]
[PlyCount "52"]
[EventDate "2006.04.25"]
[EventType "swiss"]
[EventRounds "9"]
[EventCountry "GRE"]
[SourceTitle "CBM 112 Extra"]
[Source "ChessBase"]
[SourceDate "2006.07.14"]
[SourceVersion "1"]
[SourceVersionDate "2006.07.14"]
[SourceQuality "1"]

1. e4 c5 2. Nf3 e6 3. d4 cxd4 4. Nxd4 Nc6 5. Nc3 Qc7 6. Be3 a6 7. Be2 Nf6 8. Qd2 Bb4 9. f3 d5 10. exd5 Nxd5 11. a3 Bxc3 12. bxc3 Nxd4 13. Bxd4 e5 14. c4 Nf4 15. Be3 Nxg2+ 16. Kf2 Nxe3 17. Qxe3 0-0 18. Rhg1 f5 19. Qc3 Qc5+ 20. Kg2 Bd7 21. Kh1 Bc6 22. Rad1 Rad8 23. Rdf1 Rf7 24. Rg3 Rd4 25. Qe1 Qxa3 26. Bd3 Qc5 0-1